| 000 | 00420nam a2200157Ia 4500 | ||
|---|---|---|---|
| 008 | 151213s9999 xx 000 0 und d | ||
| 100 | _aSyed Sajjad Huss | ||
| 245 |
_aCivilization & Society _cSyed Sajjad Huss |
||
| 250 | _a1st | ||
| 260 |
_aDhaka _bBangladesh Institute of Islami Thought _c1994 |
||
| 300 | _a4311 p. | ||
| 650 | _aCivilization | ||
| 650 | _aReference | ||
| 700 | _aSyed Sajjad Huss | ||
| 999 |
_c2725 _d2725 |
||